000 00353nam a2200145Ia 4500
008 230711s9999||||xx |||||||||||||| ||und||
041 _aENG
082 _a720
_bAR-A
100 _aCantacuzino,Sherban
245 0 _aRe-Architecture old building/new uses
250 _a1st . Ed.
260 _c1989
_aNew York
_bHudson
650 _aArchitecture
942 _cBK
999 _c470
_d470